Introduction to Thermodynamics and Heat Transfer

Guardado en:
Detalles Bibliográficos
Autor principal: Cengel, Yunus A (Autor)
Formato: Libro
Lenguaje:inglés
Publicado: New York : McGraw-Hill, 1997
Etiquetas: Agregar Etiqueta
Sin Etiquetas, Sea el primero en etiquetar este registro!

MARC

LEADER 00000nam a22000003a 4500
001 stu48860
005 20150617225708.0
008 981221s1997------------------------eng-d
020 |a 0-07-114109-X 
040 |a STU  |b slo 
041 0 |a eng 
080 |a 66.021.4 
100 1 |a Cengel, Yunus A  |4 aut 
245 1 |a Introduction to Thermodynamics and Heat Transfer 
260 |a New York :  |b McGraw-Hill,  |c 1997 
300 |a 922 s 
500 |a Obr.,index 
996 |b C96086  |c C*96086  |l CCXVIII  |s P  |a 0  |w stu48860_0001 
996 |b C95612  |c C*95612  |l CCXVIII  |s P  |a 0  |w stu48860_0002